Mots de Scrabble - Statistiques

Statistiques générales
  • Ce quiz a été pris 370 fois
    350 depuis la dernière actualisation
  • Le résultat moyen est 36 sur 84
Statistiques - réponses
Réponse % Correct
SA
94%
BAL
92%
BEL
92%
CA
92%
LE
91%
RA
91%
LA
87%
SE
84%
CE
80%
CRABE
79%
BAR
78%
RAB
75%
BLE
72%
RE
70%
CAL
69%
BAS
67%
CAB
66%
CAR
66%
SABLE
66%
SAC
66%
LES
64%
AS
62%
RAS
62%
SEL
61%
BAC
59%
BRAS
58%
CABLE
57%
CAS
53%
LAC
53%
BARS
51%
LAS
51%
CALE
49%
CRABES
48%
ABBE
47%
ES
47%
BASE
46%
SALE
46%
ARE
43%
BER
42%
BLES
40%
RABLE
40%
ALE
38%
BARBE
38%
RASE
38%
LACS
37%
BACS
36%
CASE
35%
CALES
34%
CLE
33%
RALES
32%
SCRABBLE
32%
BARBES
31%
ACE
29%
LACE
28%
SABRE
28%
CELA
27%
ARES
26%
CABLER
26%
BASER
25%
CLES
25%
ABBES
24%
CALER
24%
SABLER
24%
CALS
23%
SALER
23%
SERA
23%
BLASE
22%
LACER
22%
LACES
22%
RABLES
22%
ABEL
21%
ALES
20%
BERS
20%
RALER
18%
BACLE
16%
BLASER
15%
CABS
15%
LASER
15%
BACLES
10%
BACLER
9%
LESA
9%
SARCLE
4%
ARLES
3%
CESAR
2%
Aucun quiz correspondant
Distribution des résultats
% des personnes avec chaque résultat
Percentile par nombre de réponses
Votre historique - résultats
Vous n’avez pas pris ce quiz depuis la dernière actualisation